000 00401nam a2200157Ia 4500
008 240729s9999 xx 000 0 und d
022 _a1687-8647
245 0 _aAdvances in Virology
260 _aUnited Kingdom
260 _bHindawi Limited
650 _a Microbiology
650 _aScience
856 _uhttps://doaj.org/toc/ca5cf8a14b1542c488ef855d6bda66d9
942 _2ddc
942 _cDOAJEJ
999 _c71419
_d71419
945 _a1
_bMadushi Gamage
_c1
_dMadushi Gamage